000 01346cam a2200349 i 4500
001 768714001
003 CO-MdFUSB
005 20250528114603.0
007 ta
008 180222t2006 -us |||| |||| 00| 0 eng d
020 _a978-0-8006-3792-7
040 _aCO-MdFUSB
_bspa
_cCO-MdFUSB
_dCO-MdFUSB
_erda
041 _aeng
082 _224
_a248.46
_bJ95s
100 1 _aJung, L. Shannon
_eautor
242 1 0 _aCompartir comida
_b: prácticas cristianas para el disfrute
_lInglés
245 1 0 _aSharing food
_b: christian practices for enjoyment
_c/ L. Shannon Jung
264 1 _aMinneapolis, Minnesota :
_bFortress Press ;
_c℗2006
264 4 _c©2006
300 _a197 páginas
_c; 23 cm
336 _2rdacontent
_atexto
_btxt
337 _2rdamedia
_asin mediación
_bn
338 _2rdacarrier
_avolumen
_bnc
501 _aIncluye índices (p. 191-197)
504 _aBibliografía (p. 175- 184)
505 _a¿Cómo podemos comer bien? -- La práctica de comer -- Bendiciendo la mesa -- Partición y hospitalidad -- Festejando entre la comunidad -- Preparando de alimentos -- El ayuno por la vida -- Honrando el cuerpo -- La práctica principal de la Cena del Señor -- La acción local y global
563 _aRústico
650 0 _9411
_aHospitalidad
942 _cBK
945 _aElías Tolentino
999 _c46603
_d46603